After the ball is over : a comedy /

Bibliographic Details
Main Author: Home, William Douglas
Format: Book
Language:English
Published: London ; New York : S. French, [1986]

MARC

Tag First Indicator Second Indicator Subfields
LEADER 00000cam a2200000 a 4500
001 in00000030136
005 20151007060212.0
008 870521s1986 enka 00010 eng
010 |a  87142895  
020 |a 0573016240 (pbk.) 
035 |a (OCoLC)16466879 
035 |9 AAC0285AM 
040 |a DLC  |c DLC  |d TXA  |d UtOrBLW 
049 |a TXAM  |c [A11508149] 
050 0 0 |a PR6015.O524  |b A69 1986 
082 0 |a 822/.914  |2 19 
100 1 |a Home, William Douglas. 
245 1 0 |a After the ball is over :  |b a comedy /  |c William Douglas Home. 
264 1 |a London ;  |a New York :  |b S. French,  |c [1986] 
264 4 |c ©1986 
300 |a 56 pages :  |b illustrations ;  |c 22 cm. 
336 |a text  |b txt  |2 rdacontent 
337 |a unmediated  |b n  |2 rdamedia 
338 |a volume  |b nc  |2 rdacarrier 
999 |a MARS 
999 f f |s c170c467-4c67-3e2f-8468-b617e32e79e1  |i a786aa5a-cff0-342c-b4b1-07796ef7a7a6  |t 0 
952 f f |p ric  |a Texas A&M University  |b Rellis Campus  |c Joint Library Facility  |d Remote Storage  |t 0  |e PR6015.O524 A69 1986  |h Library of Congress classification  |i unmediated -- volume  |m A14811508149 
998 f f |a PR6015.O524 A69 1986  |t 0  |l Remote Storage